Statistics for The Twin Cities Metro

Click here to take the quiz!

General Stats

  • This quiz has been taken 66 times
  • The average score is 31 of 50

Answer Stats

PopulationCity% Correct
429,606Minneapolis
100%
308,096St. Paul
100%
84,943Bloomington
97%
52,857Edina
94%
80,389Brooklyn Park
86%
79,768Plymouth
86%
64,893Eden Prairie
83%
72,622Maple Grove
83%
55,135Apple Valley
81%
72,828Woodbury
78%
30,690Brooklyn Center
75%
26,989Chaska
75%
66,372Eagan
75%
48,662St. Louis Park
75%
62,998Coon Rapids
72%
67,317Lakeville
72%
54,064Minnetonka
72%
65,607Blaine
69%
36,354Richfield
69%
36,457Roseville
69%
41,570Shakopee
69%
17,549Anoka
67%
26,389Chanhassen
67%
32,362Savage
67%
61,339Burnsville
64%
19,627Stillwater
64%
37,604Cottage Grove
58%
18,468Hopkins
58%
40,885Maplewood
58%
35,672Inver Grove Heights
56%
11,343Mendota Heights
56%
25,875White Bear Lake
56%
27,130Fridley
53%
21,886Golden Valley
47%
27,241Prior Lake
47%
25,207Rosemount
47%
27,130Shoreview
47%
20,427Columbia Heights
44%
22,899Crystal
44%
23,091Farmington
44%
27,933Oakdale
44%
33,140Andover
39%
14,389Robbinsdale
39%
13,607Vadnais Heights
39%
10,281Arden Hills
36%
22,753New Brighton
33%
20,907New Hope
33%
27,721Ramsey
31%
25,268Champlin
28%
10,501Little Canada
25%

Score Distribution

Percentile by Number Answered

Percent of People with Each Score

Your Score History

You have not taken this quiz